| 000 | 00821nam a22002897a 4500 | ||
|---|---|---|---|
| 001 | BR2011005911 | ||
| 003 | BR-BrBNA | ||
| 005 | 20230928103756.0 | ||
| 007 | ta | ||
| 008 | 230509b bl.||||| |||| 00| 0 por d | ||
| 040 |
_aBR-BrBNA _bpor _cBiblioteca Nacional de Agricultura |
||
| 041 | _a(Por) | ||
| 072 | _aD10 | ||
| 090 | _ D10 BR2011005911 | ||
| 100 | 1 | _aJordão Filho, A. (ed.) | |
| 110 | 1 |
_aEmpresa Baiana de Desenvolvimento Agrícola, Salvador, BA (Brasil) _93784 |
|
| 245 | 1 | _aRelatório de gestão da empresa baiana de desenvolvimento agrícola | |
| 260 | 3 |
_aSalvador, BA (Brasil): _c2010. |
|
| 300 | _a98 p. | ||
| 500 | _a47 illus.; 10 tables | ||
| 650 | _aGESTÃO | ||
| 650 | _aAGRICULTURA | ||
| 650 | _aPECUÁRIA | ||
| 650 | _aBAHIA | ||
| 909 |
_a202309 _bLucia _c55 _dLucia Elande |
||
| 942 | _cBK | ||
| 999 |
_c76575 _d76575 |
||